Theory and problems of general topology

Salvato in:
Dettagli Bibliografici
Autore principale: Lipschutz, Seymour (autor)
Natura: Libro
Lingua:inglese
Pubblicazione: Nueva York Schaum 1965
Serie:Schaum's Outline Series
Soggetti:
Tags: Aggiungi Tag
Nessun Tag, puoi essere il primo ad aggiungerne!!

MARC

LEADER 00000cam a2200000 a 4500
001 UCV4136
003 CL-VaPUC
008 900418e19650000US |||||||||||||||||eng|d
082 0 4 |a 514.3  |b LIP  |2 21 
100 |a Lipschutz, Seymour  |e autor  |9 604228 
245 1 0 |a Theory and problems of general topology 
300 |a 239 p 
942 |c BK 
945 |d 19900418 00:00:00 
260 |a Nueva York  |b Schaum  |c 1965 
650 0 |a Topología   |9 260092 
583 |a last modification  |c 20120814 11:55:37  |k Rodrigo Vera 
490 0 |a Schaum's Outline Series 
999 |c 211122  |d 211120 
952 |0 0  |1 0  |4 0  |6 514_300000000000000_LIP_1965  |7 0  |8 A  |9 189183  |a BIBMAT  |b BIBMAT  |d 2019-11-14  |i 1494597  |o 514.3 LIP 1965  |p 1494597  |r 2025-01-07  |w 2019-11-14  |y BK  |k MAT 
952 |0 0  |1 0  |4 0  |6 514_300000000000000_LIP_1965  |7 0  |8 A  |9 189184  |a BIBMAT  |b BIBMAT  |d 2019-11-14  |i 1494546  |o 514.3 LIP 1965  |p 1494546  |r 2025-01-07  |w 2019-11-14  |y BK  |k MAT 
952 |0 0  |1 0  |4 0  |6 514_300000000000000_LIP_1965  |7 0  |8 P  |9 189185  |a BIBARQ  |b BIBARQ  |d 2019-11-14  |i 2610221  |o 514.3 LIP 1965  |p 2610221  |r 2025-01-20  |w 2019-11-14  |y BK  |k ARQ 
952 |0 0  |1 0  |4 0  |6 514_300000000000000_LIP_1965  |7 0  |8 A  |9 189186  |a BIBMAT  |b BIBMAT  |d 2019-11-14  |i 4890086  |o 514.3 LIP 1965  |p 4890086  |r 2025-01-07  |w 2019-11-14  |y BK  |k MAT